[Event "Lliga Catalana DH"]
[Site "?"]
[Date "2018.01.20"]
[Round "1.4"]
[White "Akbarinia , Sayed Arash"]
[Black "Lerch Gallemi, Jose Maria"]
[Result "1/2-1/2"]
[WhiteElo "2387"]
[BlackElo "2322"]
[PlyCount "38"]
[EventDate "2018.??.??"]
[WhiteTeam "SAN"]
[BlackTeam "SCU"]

1. d4 Nf6 2. Nf3 d6 3. g3 g6 4. Bg2 Bg7 5. O-O O-O 6. c4 Nbd7 7. Nc3 c6 8. Qc2
Re8 9. Rd1 h6 10. h3 Qc7 11. e4 e5 12. Be3 Nf8 13. Rac1 g5 14. dxe5 dxe5 15.
Bc5 Re6 16. Qd3 Ne8 17. Nd5 cxd5 18. cxd5 Rd6 19. Rc3 Qd8 1/2-1/2

[Event "Lliga Catalana DH"]
[Site "?"]
[Date "2018.01.20"]
[Round "1.5"]
[White "Mateos Rozas, Miguel Angel"]
[Black "Colon Garcia, Enrique"]
[Result "0-1"]
[WhiteElo "2295"]
[BlackElo "2406"]
[PlyCount "112"]
[EventDate "2018.??.??"]
[WhiteTeam "SCU"]
[BlackTeam "SAN"]

1. e4 c5 2. Nf3 d6 3. d4 cxd4 4. Nxd4 Nf6 5. Nc3 a6 6. Bc4 e6 7. Be3 Nc6 8. Bb3
Qc7 9. Qe2 Na5 10. g4 b5 11. g5 Nd7 12. Bxe6 fxe6 13. Nxe6 Qc4 14. Qxc4 Nxc4
15. Nc7+ Kd8 16. N3d5 Nxe3 17. Ne6+ Ke8 18. Nec7+ Kd8 19. Ne6+ Ke8 20. Nec7+
Kf7 21. fxe3 Ra7 22. Rf1+ Kg8 23. Ne6 h6 24. g6 Nf6 25. Nxf8 Kxf8 26. Nxf6 gxf6
27. Rxf6+ Kg7 28. Rxd6 Re8 29. a4 b4 30. Rd4 a5 31. O-O-O Kxg6 32. Rc4 Be6 33.
Rc6 Kf6 34. Rc5 Rc8 35. Rf1+ Kg6 36. Rg1+ Kh7 37. Rxc8 Bxc8 38. Rf1 Kg7 39. Rf4
Rf7 40. Kd2 Ba6 41. Rg4+ Kf6 42. Rf4+ Ke6 43. Rh4 Rf2+ 44. Kd1 h5 45. Ke1 Re2+
46. Kd1 Rg2 47. Ke1 Be2 48. Kd2 Bg4+ 49. Kd3 Kf6 50. h3 Kg5 51. hxg4 Kxh4 52.
gxh5 Kxh5 53. b3 Kg5 54. c3 Rb2 55. Kc4 Rc2 56. Kb5 Rxc3 0-1

[Event "Lliga Catalana DH"]
[Site "?"]
[Date "2018.01.20"]
[Round "1.6"]
[White "Castellano Egea, Einar"]
[Black "Romero Calderon, Joan"]
[Result "1-0"]
[WhiteElo "2298"]
[BlackElo "2301"]
[PlyCount "81"]
[EventDate "2018.??.??"]
[WhiteTeam "SAN"]
[BlackTeam "SCU"]

1. e4 e6 2. b3 c5 3. Bb2 Nf6 4. e5 Nd5 5. Nc3 Nxc3 6. dxc3 Qc7 7. c4 Nc6 8. f4
d5 9. Nf3 d4 10. Bd3 b6 11. Qe2 Bb7 12. Be4 O-O-O 13. O-O-O g6 14. Kb1 Bh6 15.
g3 Ne7 16. c3 dxc3 17. Bxc3 Rxd1+ 18. Rxd1 Rd8 19. Bxb7+ Kxb7 20. Qe4+ Qc6 21.
Qxc6+ Nxc6 22. Rxd8 Nxd8 23. Kc2 Nc6 24. Kd3 Nd8 25. h4 Bf8 26. Ng5 h6 27. Nf3
Be7 28. g4 Kc7 29. h5 Kd7 30. g5 gxh5 31. gxh6 Bf8 32. h7 Bg7 33. f5 Nc6 34. f6
Bh8 35. Ke4 Nb8 36. Bd2 Ke8 37. Bh6 Nd7 38. Bg7 Nf8 39. Bxh8 Nxh7 40. Bg7 h4
41. Kf4 1-0

[Event "Lliga Catalana DH"]
[Site "?"]
[Date "2018.01.20"]
[Round "1.7"]
[White "Brusi Noguera, Ricard "]
[Black "Bautista Sanchez, Joan"]
[Result "1/2-1/2"]
[WhiteElo "2310"]
[BlackElo "2284"]
[PlyCount "32"]
[EventDate "2018.??.??"]
[WhiteTeam "SCU"]
[BlackTeam "SAN"]

1. d4 c6 2. c4 Nf6 3. Nf3 g6 4. Nc3 d5 5. e3 Bg7 6. Be2 O-O 7. O-O Nbd7 8. a4
dxc4 9. Bxc4 Nb6 10. Bb3 Nbd5 11. h3 Bf5 12. g4 Be6 13. Ng5 Nxc3 14. bxc3 Bxb3
15. Qxb3 Qd5 16. Qxd5 cxd5 1/2-1/2

[Event "Lliga Catalana DH"]
[Site "?"]
[Date "2018.01.20"]
[Round "1.8"]
[White "Subirats Ruiz, Sergi"]
[Black "Sierra Montoya, Miquel"]
[Result "1-0"]
[WhiteElo "2284"]
[BlackElo "2276"]
[PlyCount "67"]
[EventDate "2018.??.??"]
[WhiteTeam "SAN"]
[BlackTeam "SCU"]

1. e4 c5 2. Nf3 d6 3. d4 cxd4 4. Nxd4 Nf6 5. Nc3 a6 6. f3 e6 7. Be3 b5 8. g4
Nfd7 9. Qd2 Nb6 10. Nb3 Nc6 11. Qf2 Rb8 12. O-O-O Na4 13. Ne2 Qc7 14. Kb1 Ne5
15. Bc1 Nc4 16. g5 Bb7 17. Bh3 Be7 18. Rhg1 O-O 19. Ned4 g6 20. Qh4 e5 21. Nf5
h5 22. Ka1 d5 23. exd5 Rfd8 24. f4 Bxd5 25. fxe5 Bf8 26. Rde1 Be6 27. Nh6+ Bxh6
28. gxh6 Na3 29. Bxe6 Nxc2+ 30. Kb1 Nxe1 31. Rxg6+ Kf8 32. Rg8+ Kxg8 33. Qg3+
Kf8 34. Qg7+ 1-0

[Event "Lliga Catalana DH"]
[Site "?"]
[Date "2018.01.20"]
[Round "1.9"]
[White "Barcelo Tizon, Cristian"]
[Black "Delisau Gil, Oriol"]
[Result "0-1"]
[WhiteElo "2164"]
[BlackElo "2268"]
[PlyCount "92"]
[EventDate "2018.??.??"]
[WhiteTeam "SCU"]
[BlackTeam "SAN"]

1. c4 Nf6 2. g3 g6 3. Bg2 Bg7 4. Nc3 O-O 5. e4 d6 6. Nge2 c5 7. O-O Nc6 8. d3
Bg4 9. f3 Bd7 10. f4 a6 11. h3 Rb8 12. Be3 b5 13. Qd2 Ne8 14. f5 Ne5 15. b3 Nc7
16. g4 bxc4 17. dxc4 a5 18. g5 a4 19. Rab1 axb3 20. axb3 Bc6 21. Ng3 Rxb3 22.
Rxb3 Nxc4 23. Qf2 Nxe3 24. f6 Nxf1 25. fxg7 Kxg7 26. Nxf1 Ne6 27. h4 f6 28. Qe3
fxg5 29. hxg5 Nf4 30. Rb2 e5 31. Qg3 Qa5 32. Ra2 Qxa2 33. Nxa2 Ne2+ 34. Kh2
Nxg3 35. Kxg3 Ra8 36. Nc1 Ra1 37. Ne2 Bb5 38. Kf2 Ra2 39. Nfg3 c4 40. Ke3 c3
41. Nxc3 Rxg2 42. Nxb5 Rxg3+ 43. Ke2 Rxg5 44. Nxd6 Rg3 45. Kf2 Rb3 46. Nc4 Kf6
0-1

[Event "Lliga Catalana DH"]
[Site "?"]
[Date "2018.01.20"]
[Round "1.10"]
[White "Travesset Ribera, Daniel"]
[Black "De la Plaza Gras, Jordi"]
[Result "1-0"]
[WhiteElo "2256"]
[BlackElo "2151"]
[PlyCount "85"]
[EventDate "2018.??.??"]
[WhiteTeam "SAN"]
[BlackTeam "SCU"]

1. Nf3 f5 2. d3 Nc6 3. e4 e5 4. Be2 Nf6 5. O-O d5 6. exd5 Nxd5 7. d4 e4 8. Ne1
Bd6 9. c4 Nf4 10. Be3 Nxe2+ 11. Qxe2 O-O 12. f4 Qf6 13. Nc2 Nb4 14. Nxb4 Bxb4
15. c5 c6 16. Qc4+ Qf7 17. Qxb4 Be6 18. b3 Rad8 19. Na3 Qc7 20. Nc4 Bxc4 21.
Qxc4+ Kh8 22. b4 Rd5 23. b5 Rfd8 24. a4 Qa5 25. Rab1 Qc7 26. b6 axb6 27. Rxb6
Ra8 28. Qb4 Ra7 29. a5 h6 30. Ra1 Qd7 31. a6 Rxa6 32. Rbxa6 bxa6 33. Rxa6 Kh7
34. Qa4 Qf7 35. Rxc6 Rd7 36. Ra6 Rb7 37. Rb6 Ra7 38. Ra6 Rb7 39. Qa2 Qh5 40.
Rb6 Rd7 41. h3 Qd1+ 42. Kh2 Qd3 43. Qe6 1-0

[Event "Lliga Catalana DH"]
[Site "?"]
[Date "2018.01.20"]
[Round "1.1"]
[White "Arenas Vanegas, David"]
[Black "Alonso Rosell, Alvar"]
[Result "1/2-1/2"]
[WhiteElo "2495"]
[BlackElo "2532"]
[PlyCount "34"]
[EventDate "2017.??.??"]
[WhiteTeam "MLL"]
[BlackTeam "GER"]

1. e4 e6 2. d4 d5 3. Nd2 a6 4. Ngf3 c5 5. c3 cxd4 6. cxd4 dxe4 7. Nxe4 Bb4+ 8.
Bd2 Bxd2+ 9. Qxd2 Nf6 10. Bd3 O-O 11. O-O Bd7 12. Nfg5 Nxe4 13. Nxe4 Bc6 14.
Qe3 Nd7 15. Rfd1 Nf6 16. Nxf6+ Qxf6 17. Be4 Rac8 1/2-1/2

[Event "Lliga Catalana DH"]
[Site "?"]
[Date "2018.01.20"]
[Round "1.2"]
[White "Valle Martin, Luis Enrique"]
[Black "Garriga Cazorla, Pere"]
[Result "1/2-1/2"]
[WhiteElo "2363"]
[BlackElo "2469"]
[PlyCount "69"]
[EventDate "2017.??.??"]
[WhiteTeam "GER"]
[BlackTeam "MLL"]

1. d4 Nf6 2. Nf3 e6 3. c4 d5 4. Nc3 a6 5. cxd5 exd5 6. Bg5 Be6 7. e3 Nbd7 8.
Rc1 Bd6 9. Bd3 c6 10. O-O O-O 11. Qc2 Qb8 12. Bh4 Bg4 13. Bg3 a5 14. Ng5 h6 15.
Nh7 Bxg3 16. hxg3 Re8 17. Nxf6+ Nxf6 18. a3 Qd6 19. Na4 h5 20. Qc5 Qe6 21. Nb6
Nd7 22. Nxd7 Qxd7 23. b4 axb4 24. axb4 Ra3 25. Bb1 Rea8 26. Rc3 Rxc3 27. Qxc3
g6 28. Bd3 Bf5 29. Rb1 Ra2 30. b5 Bxd3 31. Qxd3 Qe7 32. Qb3 Ra3 33. Qc2 Qf6 34.
Qb2 Ra8 35. bxc6 1/2-1/2

[Event "Lliga Catalana DH"]
[Site "?"]
[Date "2018.01.20"]
[Round "1.3"]
[White "Fernandez Diaz, Cristian"]
[Black "Molina Carretero, Daniel"]
[Result "1-0"]
[WhiteElo "2349"]
[BlackElo "2329"]
[PlyCount "111"]
[EventDate "2017.??.??"]
[WhiteTeam "MLL"]
[BlackTeam "GER"]

1. d4 Nf6 2. c4 e6 3. Nf3 b6 4. g3 Bb7 5. Bg2 Bb4+ 6. Bd2 Be7 7. Nc3 O-O 8. Qc2
d5 9. cxd5 exd5 10. O-O c5 11. Rfd1 Nc6 12. Bg5 c4 13. Ne5 Na5 14. Rac1 Re8 15.
Qf5 Qd6 16. Bxf6 Bxf6 17. Ng4 Rad8 18. e4 Qe6 19. Nxf6+ gxf6 20. Qh5 dxe4 21.
Bh3 f5 22. Bxf5 Qf6 23. Qxh7+ Kf8 24. Bxe4 Rxd4 25. Rxd4 Qxd4 26. Qh6+ Qg7 27.
Qd6+ Kg8 28. Bxb7 Nxb7 29. Qd7 Rb8 30. Qc7 Qf8 31. Ne4 Qd8 32. Qe5 Nc5 33. Nxc5
bxc5 34. Rxc4 Rb4 35. Rxc5 Rd4 36. Qg5+ Qxg5 37. Rxg5+ Kf8 38. Ra5 Rd7 39. Kg2
Kg7 40. h4 Rc7 41. g4 Rd7 42. Kg3 Rc7 43. g5 Kg6 44. Ra6+ Kg7 45. Kg4 Rb7 46.
b3 Rd7 47. h5 Rd4+ 48. f4 Rd7 49. h6+ Kh7 50. Kh5 Re7 51. f5 Rd7 52. Rf6 Kg8
53. g6 fxg6+ 54. Kxg6 Rc7 55. Re6 Rc8 56. f6 1-0

[Event "Lliga Catalana DH"]
[Site "?"]
[Date "2018.01.20"]
[Round "1.4"]
[White "Mundet Riera, Jaume"]
[Black "Montilla Carrillo, Esteban"]
[Result "1/2-1/2"]
[WhiteElo "2271"]
[BlackElo "2315"]
[PlyCount "147"]
[EventDate "2017.??.??"]
[WhiteTeam "GER"]
[BlackTeam "MLL"]

1. d4 Nf6 2. Bg5 d5 3. Bxf6 exf6 4. e3 c6 5. c4 dxc4 6. Bxc4 Bb4+ 7. Nc3 O-O 8.
Nge2 f5 9. Qc2 g6 10. h4 Nd7 11. h5 Nb6 12. Bb3 Kg7 13. hxg6 hxg6 14. O-O-O Bd6
15. g3 Qe7 16. Nf4 Bd7 17. Rh2 Rh8 18. Rdh1 Rxh2 19. Rxh2 Rh8 20. Rxh8 Kxh8 21.
Qe2 Kg7 22. Bc2 Bb4 23. Qd3 Bd6 24. Qe2 Qg5 25. Bb3 Qh6 26. a3 Qh1+ 27. Qd1 Qh2
28. Qf3 Qg1+ 29. Kc2 a5 30. Nd3 Be8 31. e4 fxe4 32. Nxe4 Be7 33. Ndc5 a4 34.
Nxa4 Nxa4 35. Bxa4 f5 36. Nc3 Bg5 37. Nd1 Qe1 38. Qd3 b5 39. Bb3 Bd7 40. f4 Bf6
41. Nc3 Qf2+ 42. Ne2 c5 43. dxc5 Qxc5+ 44. Kb1 Bc6 45. Nc3 Qf2 46. Ka2 Be4 47.
Qe2 Qxg3 48. Nxe4 fxe4 49. Qxe4 Qh2 50. Bc2 Qh5 51. Bd3 g5 52. Qb7+ Qf7+ 53.
Qxf7+ Kxf7 54. fxg5 Bxg5 55. Bxb5 Ke7 56. b4 Kd6 57. Kb3 Kc7 58. Kc4 Bd2 59.
Be8 Be1 60. Bh5 Kb6 61. a4 Bd2 62. a5+ Ka6 63. Bg4 Be1 64. Bc8+ Ka7 65. Kb5 Bd2
66. Ka4 Be1 67. b5 Bf2 68. Bh3 Be3 69. Bg2 Bf2 70. Kb3 Be1 71. Ka4 Bf2 72. Bf1
Kb7 73. Kb3 Be1 74. Ka4 1/2-1/2

[Event "Lliga Catalana DH"]
[Site "?"]
[Date "2018.01.20"]
[Round "1.5"]
[White "Perales Galindo, Eduard"]
[Black "Gonzalez Vericat, Sergi"]
[Result "1-0"]
[WhiteElo "2323"]
[BlackElo "2257"]
[PlyCount "47"]
[EventDate "2017.??.??"]
[WhiteTeam "MLL"]
[BlackTeam "GER"]

1. e4 c5 2. Nf3 d6 3. d4 cxd4 4. Nxd4 Nf6 5. Nc3 a6 6. Bg5 e6 7. Qf3 Nbd7 8.
Be2 Be7 9. O-O Ne5 10. Qg3 b5 11. a3 Bb7 12. Rad1 Rc8 13. f4 Nc4 14. e5 Nd5 15.
Bxc4 Rxc4 16. Nxd5 Bxg5 17. Ne3 Rxd4 18. Rxd4 Be7 19. Qxg7 Rf8 20. Rfd1 d5 21.
f5 Bc5 22. fxe6 Bxd4 23. Rxd4 Qb6 24. Nf5 1-0

[Event "Lliga Catalana DH"]
[Site "?"]
[Date "2018.01.20"]
[Round "1.6"]
[White "Guso Llorca, Jordi"]
[Black "Morros Faura, Ricard"]
[Result "1-0"]
[WhiteElo "2249"]
[BlackElo "2337"]
[PlyCount "95"]
[EventDate "2017.??.??"]
[WhiteTeam "GER"]
[BlackTeam "MLL"]

1. d4 Nf6 2. Nf3 e6 3. g3 b5 4. Bg2 Bb7 5. O-O Be7 6. b3 O-O 7. c4 a6 8. Na3 b4
9. Nc2 a5 10. a3 Na6 11. Bd2 c5 12. axb4 axb4 13. dxc5 Bxc5 14. Ne5 Bxg2 15.
Kxg2 Qb6 16. Kg1 h6 17. Nd3 Be7 18. Qe1 Ne4 19. Be3 Qb7 20. Ra5 Nc7 21. Rxa8
Rxa8 22. f3 Nc3 23. Nc5 Bxc5 24. Bxc5 Na6 25. Bd4 Rb8 26. Qd2 d5 27. Ra1 dxc4
28. bxc4 Rd8 29. Nxb4 Qxb4 30. Qxc3 Qxc3 31. Bxc3 Rd6 32. Kf2 Rc6 33. Ra4 Nc5
34. Ra8+ Kh7 35. Ke3 Kg6 36. Bd4 Nb7 37. Kd3 f6 38. Ra7 Rc7 39. Kc3 e5 40. Be3
Kf5 41. Bb6 Rf7 42. c5 Ke6 43. c6 Nd6 44. Rxf7 Nxf7 45. Kc4 Kd6 46. Kb5 Ng5 47.
Ba5 Ne6 48. Kb6 1-0

[Event "Lliga Catalana DH"]
[Site "?"]
[Date "2018.01.20"]
[Round "1.7"]
[White "Ronce, Nathan"]
[Black "Parramon Ros, Francesc"]
[Result "1-0"]
[WhiteElo "2178"]
[BlackElo "2189"]
[PlyCount "79"]
[EventDate "2017.??.??"]
[WhiteTeam "MLL"]
[BlackTeam "GER"]

1. e4 c6 2. d4 d5 3. e5 c5 4. dxc5 Nc6 5. a3 Nxe5 6. b4 Nf6 7. Bb2 Ng6 8. Nf3
e6 9. c4 Be7 10. cxd5 exd5 11. Bd3 O-O 12. O-O Nf4 13. Nc3 Bg4 14. h3 Bh5 15.
Bf5 d4 16. Qxd4 Qxd4 17. Nxd4 Rfd8 18. Nb3 Nd3 19. Rab1 Nxb2 20. Rxb2 g6 21.
Bb1 g5 22. Na5 g4 23. Nxb7 Rd7 24. c6 Rc7 25. Na5 gxh3 26. Nb5 Rac8 27. Nxc7
Rxc7 28. Rd2 hxg2 29. Kxg2 Bg4 30. f3 Bc8 31. Re1 Kf8 32. Rd4 Be6 33. Be4 Nxe4
34. fxe4 f6 35. Kf3 Kf7 36. Rh1 Kg8 37. Rh5 Rc8 38. Rb5 Bd8 39. Rb7 Bxa5 40.
bxa5 1-0

[Event "Lliga Catalana DH"]
[Site "?"]
[Date "2018.01.20"]
[Round "1.8"]
[White "Garcia Busquets, Jordi"]
[Black "Garcia Marin, Guillem"]
[Result "1-0"]
[WhiteElo "2147"]
[BlackElo "2179"]
[PlyCount "147"]
[EventDate "2017.??.??"]
[WhiteTeam "GER"]
[BlackTeam "MLL"]

1. e4 e5 2. Nf3 Nf6 3. Nc3 Bb4 4. Bc4 O-O 5. O-O Bxc3 6. dxc3 d6 7. Re1 Qe7 8.
Bg5 Nc6 9. Nd2 Nd8 10. Nf1 Ne6 11. Bxe6 fxe6 12. Ne3 Qf7 13. Bxf6 Qxf6 14. Qd2
Qg6 15. Nf1 b6 16. Qd3 Bb7 17. c4 Rf4 18. f3 Raf8 19. Kh1 Qh5 20. h3 g5 21. Nh2
Qg6 22. Re3 h5 23. Rae1 R8f7 24. Kg1 Kh8 25. Qe2 Rf8 26. Qd3 a6 27. a3 Qf7 28.
Rd1 Qf6 29. g3 Qg7 30. Kh1 R4f7 31. Kg2 Rd7 32. Qe2 c6 33. b3 b5 34. cxb5 axb5
35. c4 bxc4 36. bxc4 Ba6 37. Qc2 Qg6 38. Qa4 Bb7 39. Qb4 Rfd8 40. Red3 d5 41.
Qc5 Qg7 42. Nf1 g4 43. a4 dxe4 44. Rxd7 exf3+ 45. Kf2 Rxd7 46. Rxd7 Qxd7 47.
Qxe5+ Kg8 48. hxg4 hxg4 49. Qg5+ Kf8 50. Qxg4 c5 51. Qf4+ Ke8 52. a5 Qc6 53.
Nd2 Qd7 54. Nxf3 Bxf3 55. Kxf3 Qd1+ 56. Kg2 Qe2+ 57. Kh3 Qh5+ 58. Qh4 Qf5+ 59.
Qg4 Qh7+ 60. Kg2 Qc2+ 61. Kf1 Qc1+ 62. Kf2 Qd2+ 63. Qe2 Qxa5 64. Qxe6+ Kd8 65.
g4 Qd2+ 66. Kf3 Qd3+ 67. Kf4 Qd4+ 68. Kf5 Qd3+ 69. Kf6 Qf3+ 70. Kg7 Qb7+ 71.
Kg6 Qb1+ 72. Kh6 Qh1+ 73. Kg7 Qa1+ 74. Qf6+ 1-0

[Event "Lliga Catalana DH"]
[Site "?"]
[Date "2018.01.20"]
[Round "1.9"]
[White "Fernandez Lozano, Francesc"]
[Black "Moles Fuentes, Jesus"]
[Result "1/2-1/2"]
[WhiteElo "2180"]
[BlackElo "2131"]
[PlyCount "81"]
[EventDate "2017.??.??"]
[WhiteTeam "MLL"]
[BlackTeam "GER"]

1. d4 e6 2. Nf3 f5 3. e3 Nf6 4. Be2 Be7 5. c4 d5 6. Qc2 O-O 7. Nbd2 c6 8. b3
Ne4 9. Ne5 Nd7 10. Nxd7 Bxd7 11. g3 Be8 12. f3 Nxd2 13. Bxd2 a5 14. O-O b6 15.
a3 c5 16. Bc3 Rc8 17. Qb2 Bf6 18. Rfd1 Qc7 19. Rac1 Bf7 20. f4 Rfd8 21. a4 g6
22. h4 Be8 23. Kf2 Qg7 24. Rd2 Bc6 25. dxc5 Bxc3 26. Qxc3 Qxc3 27. Rxc3 bxc5
28. cxd5 Bxd5 29. Rcd3 c4 30. bxc4 Rxc4 31. Rd4 Rxd4 32. Rxd4 Rc8 33. Rd2 Bb3
34. Bb5 Rc1 35. Rd8+ Kg7 36. Ra8 Rc2+ 37. Kf1 Rc1+ 38. Kf2 Rc2+ 39. Kf1 Rc1+
40. Ke2 Rc2+ 41. Kf1 1/2-1/2

[Event "Lliga Catalana DH"]
[Site "?"]
[Date "2018.01.20"]
[Round "1.8"]
[White "Castrillon Otero, Javier"]
[Black "Muñoz Muñoz, Teresa"]
[Result "1-0"]
[WhiteElo "2126"]
[BlackElo "2065"]
[PlyCount "61"]
[EventDate "2017.??.??"]
[WhiteTeam "GER"]
[BlackTeam "MLL"]

1. d4 Nf6 2. c4 e6 3. Nc3 Bb4 4. f3 O-O 5. e3 b6 6. Bd3 Bb7 7. Nge2 d5 8. a3
Be7 9. cxd5 Nxd5 10. e4 Nf6 11. Be3 Nbd7 12. b4 Rc8 13. O-O e5 14. d5 c6 15.
Bc4 cxd5 16. Bxd5 Nxd5 17. Nxd5 Nf6 18. Nxe7+ Qxe7 19. Ng3 Rc3 20. Bg5 h6 21.
Nf5 Qe6 22. Qe1 Rfc8 23. Bxh6 g6 24. Qh4 Nh5 25. Ne7+ Kh7 26. Nxc8 Bxc8 27. Bd2
Rc2 28. Rfd1 Kg7 29. g4 Nf4 30. Bxf4 exf4 31. Rd8 1-0

[Event "Lliga Catalana DH"]
[Site "?"]
[Date "2018.01.20"]
[Round "1.1"]
[White "Cervell Tost, Ferran"]
[Black "Cruz Sanchez, Jonathan Esteban"]
[Result "1-0"]
[WhiteElo "2355"]
[BlackElo "2477"]
[PlyCount "68"]
[EventDate "2018.??.??"]
[WhiteTeam "PIP"]
[BlackTeam "TPE"]

1. d4 Nf6 2. Nf3 g6 3. g3 Bg7 4. Bg2 O-O 5. O-O d6 6. c4 Nfd7 7. Nc3 Nc6 8. e4
e5 9. d5 Ne7 10. Be3 f5 11. Ng5 Nf6 12. c5 Ng4 13. cxd6 Nxe3 14. dxc7 Qxc7 15.
fxe3 Qc5 16. Qd3 Rd8 17. Rac1 h6 18. Nb5 Qb6 19. d6 hxg5 20. dxe7 Rxd3 21.
e8=Q+ Kh7 22. Rxc8 Rxc8 23. Qxc8 Rxe3 24. Kh1 Qxb5 25. exf5 Qd3 26. fxg6+ Qxg6
27. Bd5 g4 28. Qd8 Kh6 29. Bf7 Qe4+ 30. Kg1 Rxg3+ 31. hxg3 Qe3+ 32. Rf2 Qxg3+
33. Kf1 Qh3+ 34. Ke2 g3 1-0

[Event "Lliga Catalana DH"]
[Site "?"]
[Date "2018.01.20"]
[Round "1.2"]
[White "Cruz Estrada, Filemon"]
[Black "Povill Claros, Xavier"]
[Result "0-1"]
[WhiteElo "2384"]
[BlackElo "2345"]
[PlyCount "124"]
[EventDate "2018.??.??"]
[WhiteTeam "TPE"]
[BlackTeam "PIP"]

1. Nf3 Nf6 2. g3 b5 3. Bg2 Bb7 4. c3 e6 5. a4 b4 6. O-O Na6 7. d4 c5 8. Nbd2
Be7 9. cxb4 Nxb4 10. dxc5 Bxc5 11. Nb3 Be7 12. Be3 d6 13. Bd2 d5 14. Be3 O-O
15. Nc5 Rb8 16. Nxb7 Rxb7 17. Nd4 Qd7 18. a5 Na6 19. Rc1 Rxb2 20. Nc6 Rb7 21.
Qd3 Nb4 22. Nxe7+ Qxe7 23. Qa3 Na6 24. Qd3 Nb4 25. Qa3 Qd7 26. a6 Rb5 27. Qa4
h6 28. Bf4 Rb6 29. Qxd7 Nxd7 30. Rc7 Nf6 31. Be3 Rxa6 32. Bc5 Rb8 33. Rb1 Ra4
34. Rxa7 Rxa7 35. Bxa7 Ra8 36. Bc5 Nc6 37. Rc1 Ra2 38. Kf1 Ne5 39. h3 h5 40.
Bd4 Nc4 41. Ke1 Kh7 42. f4 Nd6 43. Bf3 Nf5 44. Bxf6 gxf6 45. Kf2 Kg6 46. Rc8
Nd4 47. Rh8 Nxf3 48. Kxf3 Ra3+ 49. Kf2 d4 50. Rg8+ Kh7 51. Rd8 e5 52. Rd6 Kg7
53. Rd5 Re3 54. Rd6 h4 55. gxh4 Rxh3 56. Rd5 Re3 57. Rd6 Re4 58. fxe5 fxe5 59.
h5 Rh4 60. Kf3 Rxh5 61. Ke4 f6 62. Rd8 Rh2 0-1

[Event "Lliga Catalana DH"]
[Site "?"]
[Date "2018.01.20"]
[Round "1.3"]
[White "Garcia Ramos, Daniel"]
[Black "Boix Moreno, Daniel"]
[Result "1-0"]
[WhiteElo "2336"]
[BlackElo "2328"]
[PlyCount "153"]
[EventDate "2018.??.??"]
[WhiteTeam "PIP"]
[BlackTeam "TPE"]

1. e4 c5 2. Nf3 Nc6 3. d4 cxd4 4. Nxd4 g6 5. Be3 Nf6 6. Nc3 Bg7 7. Be2 O-O 8.
O-O d6 9. Nb3 Be6 10. f4 Rc8 11. Bf3 Nd7 12. Nd4 Nxd4 13. Bxd4 Bxd4+ 14. Qxd4
Qb6 15. Qxb6 Nxb6 16. Rf2 Rc5 17. Nd1 Rfc8 18. Ne3 f6 19. b3 Rc3 20. Re2 R8c7
21. Rd1 a5 22. Rd4 Kg7 23. Kf2 Bf7 24. g3 Nd7 25. Rdd2 Nb8 26. Nd1 R3c5 27. Nb2
b5 28. Nd3 Rc3 29. e5 Nc6 30. exd6 exd6 31. Ne1 Nb4 32. a3 Na2 33. Rxd6 a4 34.
bxa4 bxa4 35. Re3 R3c5 36. Rd4 Nc3 37. h4 Rb5 38. Rdd3 Rbc5 39. Rd4 Rb5 40.
Rdd3 Rbc5 41. Rd6 Rb5 42. Rc6 Nd1+ 43. Ke2 Nxe3 44. Rxc7 Nc4 45. Bc6 Ra5 46.
Be8 Nd6 47. Bxf7 Nxf7 48. c4 Kf8 49. Kd3 h5 50. Nc2 g5 51. Nd4 gxh4 52. gxh4
Nh6 53. c5 Ng4 54. Ke4 Ke8 55. Kd5 Ne3+ 56. Ke6 Kd8 57. Rd7+ Kc8 58. c6 Nc4 59.
Nf5 Rc5 60. Ne7+ Kb8 61. Rb7+ Ka8 62. Rb4 Ka7 63. Rxa4+ Kb6 64. Rb4+ Ka5 65.
Kxf6 Nxa3 66. Rb8 Nb5 67. Kg6 Nd4 68. f5 Nf3 69. Kxh5 Rc4 70. Kg6 Nxh4+ 71. Kg5
Nf3+ 72. Kf6 Nd4 73. Ke5 Nf3+ 74. Kd6 Ng5 75. c7 Ne4+ 76. Ke5 Rxc7 77. Kxe4 1-0

[Event "Lliga Catalana DH"]
[Site "?"]
[Date "2018.01.20"]
[Round "1.4"]
[White "Gonzalez Garcia, Marc"]
[Black "Perez Garcia, Adria"]
[Result "0-1"]
[WhiteElo "2338"]
[BlackElo "2243"]
[PlyCount "46"]
[EventDate "2018.??.??"]
[WhiteTeam "TPE"]
[BlackTeam "PIP"]

1. d4 Nf6 2. Nf3 d5 3. c4 c6 4. Nc3 e6 5. Bg5 Nbd7 6. cxd5 exd5 7. e3 Be7 8.
Bd3 O-O 9. O-O Re8 10. Qc2 Nf8 11. Rab1 Ng6 12. b4 Ne4 13. Bxe7 Qxe7 14. b5 Ng5
15. Nd2 Nh4 16. g3 Nhf3+ 17. Nxf3 Nxf3+ 18. Kg2 Ng5 19. Kg1 Bh3 20. Rfc1 Qf6
21. Qd1 Nf3+ 22. Kh1 Nd2 23. Rb2 Qxf2 0-1

[Event "Lliga Catalana DH"]
[Site "?"]
[Date "2018.01.20"]
[Round "1.5"]
[White "Martinez Lopez, Carlos"]
[Black "Martinez Pla, Xavier"]
[Result "1/2-1/2"]
[WhiteElo "2174"]
[BlackElo "2320"]
[PlyCount "103"]
[EventDate "2018.??.??"]
[WhiteTeam "PIP"]
[BlackTeam "TPE"]

1. e4 c5 2. Nf3 a6 3. c4 Nc6 4. d4 cxd4 5. Nxd4 e5 6. Nc2 Bc5 7. Nc3 Nge7 8.
Bd3 d6 9. O-O O-O 10. Qe2 Nd4 11. Nxd4 Bxd4 12. Be3 Bxe3 13. fxe3 Be6 14. Rad1
Qc7 15. Rc1 Rac8 16. b3 Qa5 17. Qb2 Rc7 18. Rf3 Rfc8 19. a4 Qb4 20. Rcf1 Bxc4
21. Bxc4 Rxc4 22. Na2 Qb6 23. Rxf7 R4c7 24. Qf2 Ng6 25. Rxc7 Qxc7 26. Qf5 Rf8
27. Qe6+ Kh8 28. Rxf8+ Nxf8 29. Qf5 Kg8 30. h3 Qb6 31. Qf2 Qxb3 32. Qd2 Qb1+
33. Kh2 Qxe4 34. Qxd6 Qxe3 35. Qd5+ Kh8 36. Qxb7 Qf4+ 37. Kg1 Qd4+ 38. Kh2 Qxa4
39. Nb4 Qb5 40. Qe7 Kg8 41. Qd6 a5 42. Nd5 Qd7 43. Qxe5 a4 44. Nc3 Qc6 45. Qd4
Nd7 46. Qd2 Qc4 47. Qc2 Nc5 48. Kh1 h5 49. Qb2 Qd4 50. Qe2 Nd3 51. Qe8+ Kh7 52.
Qxh5+ 1/2-1/2

[Event "Lliga Catalana DH"]
[Site "?"]
[Date "2018.01.20"]
[Round "1.6"]
[White "Gonzalez Verges, Alex"]
[Black "Garcia Castellote, Daniel"]
[Result "1-0"]
[WhiteElo "2312"]
[BlackElo "2166"]
[PlyCount "59"]
[EventDate "2018.??.??"]
[WhiteTeam "TPE"]
[BlackTeam "PIP"]

1. c4 e5 2. Nc3 g6 3. Nf3 Bg7 4. d3 d6 5. Bg5 Nf6 6. g3 h6 7. Bd2 O-O 8. Bg2
Nh5 9. O-O f5 10. e3 Qe8 11. d4 g5 12. dxe5 dxe5 13. Nb5 Na6 14. Ba5 Qf7 15.
Nxe5 Bxe5 16. Bd5 Be6 17. Bxe6 Qxe6 18. Qxh5 Bxb2 19. Nd4 Qe5 20. Rab1 Rf6 21.
Rxb2 Qxa5 22. Rb5 Qxa2 23. Nxf5 Qxc4 24. Re5 Qc3 25. Re8+ Rxe8 26. Qxe8+ Kh7
27. g4 Qc4 28. h3 Qf7 29. Qc8 Nc5 30. Rd1 1-0

[Event "Lliga Catalana DH"]
[Site "?"]
[Date "2018.01.20"]
[Round "1.7"]
[White "Moya Arau, Carles"]
[Black "Gallart Zafra, Jaume"]
[Result "1/2-1/2"]
[WhiteElo "2153"]
[BlackElo "2298"]
[PlyCount "135"]
[EventDate "2018.??.??"]
[WhiteTeam "PIP"]
[BlackTeam "TPE"]

1. e4 c5 2. Nc3 e6 3. f4 d5 4. Bb5+ Bd7 5. Bxd7+ Qxd7 6. d3 d4 7. Nce2 Nf6 8.
Nf3 Nc6 9. O-O Be7 10. Ng3 h5 11. Ne5 Qc7 12. Nxc6 Qxc6 13. Qf3 h4 14. Ne2 Nh5
15. f5 O-O-O 16. Qh3 Kb8 17. fxe6 fxe6 18. Nf4 Nxf4 19. Bxf4+ Bd6 20. Bxd6+
Qxd6 21. Rf7 g5 22. Raf1 c4 23. R1f6 Rhe8 24. Rg7 Rf8 25. Rgf7 Rfe8 26. Rg6 Rf8
27. Rgg7 Rxf7 28. Rxf7 Re8 29. Qf3 Qb4 30. b3 Rc8 31. dxc4 Qe1+ 32. Qf1 Qxe4
33. Qd3 Qe1+ 34. Rf1 Qe5 35. Rd1 Rd8 36. c3 g4 37. cxd4 Qf4 38. g3 hxg3 39.
Qxg3 e5 40. Qxf4 exf4 41. d5 Kc7 42. Rd4 Rf8 43. b4 Kd6 44. Re4 Rf6 45. Kg2 b5
46. cxb5 Kxd5 47. Re7 Kc4 48. Rxa7 Kxb5 49. Rg7 g3 50. hxg3 fxg3 51. a3 Rc6 52.
Rxg3 Ka4 53. Kf2 Rc2+ 54. Ke1 Rh2 55. Rc3 Rg2 56. Kd1 Rh2 57. Kc1 Rg2 58. Kd1
Rh2 59. Rg3 Rf2 60. Ke1 Rh2 61. Kf1 Rc2 62. Rg8 Kxa3 63. b5 Rb2 64. Rb8 Kb4 65.
b6 Kc5 66. Rc8+ Kd6 67. Rh8 Rxb6 68. Rh6+ 1/2-1/2